[Event "CRO-chT (Women) 31st"]
[Site "Veli Losinj"]
[Date "2023.10.18"]
[Round "9.4"]
[White "Karij, Petra"]
[Black "Trtanj Krmpotic, Linda"]
[Result "1-0"]
[WhiteElo "1587"]
[BlackElo "1424"]
[PlyCount "47"]
[EventDate "2023.10.11"]
[EventType "team-tourn"]
[EventRounds "9"]
[EventCountry "CRO"]
[SourceTitle "Mega2024 Update 01"]
[Source "Chessbase"]
[SourceDate "2023.11.12"]
[SourceVersion "1"]
[SourceVersionDate "2023.11.12"]
[SourceQuality "1"]
[WhiteTeam "Novo Virje Konaki (W)"]
[BlackTeam "Kastav (W)"]
[WhiteTeamCountry "CRO"]
[BlackTeamCountry "CRO"]

1. e4 d5 2. exd5 Qxd5 3. Nc3 Qd8 4. Bc4 Nf6 5. Nf3 Nc6 6. d3 Bg4 7. Be3 e5 8. h3 Bh5 9. g4 Bg6 10. a3 h6 11. Qd2 Nd4 12. Nxe5 Bc5 13. Bxd4 Qxd4 14. Nf3 Qd7 15. 0-0-0 0-0-0 16. Ne5 Qe7 17. Rde1 Qf8 18. f4 Bxa3 19. bxa3 Qxa3+ 20. Kb1 Qb4+ 21. Bb3 Nd5 22. Ne4 Qb6 23. f5 Rhe8 24. Nc4 1-0

[Event "CRO-chT (Women) 31st"]
[Site "Veli Losinj"]
[Date "2023.10.15"]
[Round "6.4"]
[White "Zagorac, Lara"]
[Black "Karij, Petra"]
[Result "1-0"]
[WhiteElo "1865"]
[BlackElo "1587"]
[PlyCount "81"]
[EventDate "2023.10.11"]
[EventType "team-tourn"]
[EventRounds "9"]
[EventCountry "CRO"]
[SourceTitle "Mega2024 Update 01"]
[Source "Chessbase"]
[SourceDate "2023.11.12"]
[SourceVersion "1"]
[SourceVersionDate "2023.11.12"]
[SourceQuality "1"]
[WhiteTeam "Rijeka Draga (W)"]
[BlackTeam "Novo Virje Konaki (W)"]
[WhiteTeamCountry "CRO"]
[BlackTeamCountry "CRO"]

1. d4 d5 2. c4 e6 3. Nc3 c5 4. cxd5 exd5 5. Nf3 Nc6 6. g3 Nf6 7. Bg2 Be6 8. 0-0 h6 9. b3 Be7 10. Bb2 0-0 11. Rc1 Rc8 12. dxc5 Bxc5 13. Na4 Be7 14. Nc5 Qb6 15. Nxe6 fxe6 16. Bh3 Kf7 17. Rxc6 Rxc6 18. Ne5+ Kg8 19. Nxc6 Qxc6 20. Qd3 Ne4 21. Bg2 Bf6 22. Ba3 Nd6 23. Bh3 Re8 24. Rc1 Qb6 25. Qg6 Nf7 26. Bg4 Qd8 27. Bh5 Qd7 28. Bb4 Rd8 29. Qxf7+ Qxf7 30. Bxf7+ Kxf7 31. Rc7+ Kg6 32. Rxb7 Bd4 33. e3 Bb6 34. Bc3 Rg8 35. Re7 Kf5 36. Bxg7 h5 37. Kg2 h4 38. Kf3 Kg6 39. Bd4 h3 40. Bxb6 axb6 41. Rxe6+ 1-0

[Event "Krapina op 11th"]
[Site "Krapina"]
[Date "2023.01.15"]
[Round "7"]
[White "Karij, Petra"]
[Black "Simunic, Neno"]
[Result "1/2-1/2"]
[WhiteElo "1514"]
[BlackElo "1798"]
[PlyCount "26"]
[EventDate "2023.01.13"]
[EventType "swiss"]
[EventRounds "7"]
[EventCountry "CRO"]
[SourceTitle "CBM 212 Extra"]
[Source "ChessBase"]
[SourceDate "2023.03.31"]
[SourceVersion "1"]
[SourceVersionDate "2023.03.31"]
[SourceQuality "1"]

1. e4 c6 2. d4 d5 3. exd5 cxd5 4. c4 Nf6 5. Nc3 Nc6 6. c5 g6 7. h3 Bg7 8. Nf3 0-0 9. Bb5 Bd7 10. Bg5 e6 11. 0-0 a6 12. Ba4 Qc7 13. Re1 Rfe8 1/2-1/2

[Event "Krapina op 11th"]
[Site "Krapina"]
[Date "2023.01.13"]
[Round "1"]
[White "Kodric, Gasper"]
[Black "Karij, Petra"]
[Result "1-0"]
[WhiteElo "2020"]
[BlackElo "1514"]
[PlyCount "55"]
[EventDate "2023.01.13"]
[EventType "swiss"]
[EventRounds "7"]
[EventCountry "CRO"]
[SourceTitle "CBM 212 Extra"]
[Source "ChessBase"]
[SourceDate "2023.03.31"]
[SourceVersion "1"]
[SourceVersionDate "2023.03.31"]
[SourceQuality "1"]

1. c4 e6 2. g3 d5 3. Bg2 c5 4. Nf3 Nc6 5. 0-0 Nf6 6. cxd5 exd5 7. d4 h6 8. Nc3 Be7 9. dxc5 Bxc5 10. a3 0-0 11. b4 Bb6 12. Bb2 Bf5 13. Na4 Bc7 14. Rc1 Ng4 15. Nc5 Rb8 16. Nxb7 Rxb7 17. Rxc6 Be6 18. Qa1 Nf6 19. Bxf6 Qxf6 20. Qxf6 gxf6 21. Nd4 Re8 22. Rfc1 Bb6 23. e3 Kg7 24. Rb1 Bxd4 25. exd4 Bf5 26. Rbc1 Be4 27. Rc7 Bxg2 28. Rxb7 1-0

[Event "CRO-ch U15 Girls"]
[Site "Trogir"]
[Date "2022.06.24"]
[Round "4"]
[White "Karij, Petra"]
[Black "Begic, Klara"]
[Result "1/2-1/2"]
[WhiteElo "1450"]
[BlackElo "1727"]
[PlyCount "78"]
[EventDate "2022.06.22"]
[EventType "swiss"]
[EventRounds "9"]
[EventCountry "CRO"]
[SourceTitle "CBM 209 Extra"]
[Source "ChessBase"]
[SourceDate "2022.09.30"]
[SourceVersion "1"]
[SourceVersionDate "2022.09.30"]
[SourceQuality "1"]

1. e4 e6 2. Qe2 c5 3. Nf3 Nc6 4. g3 Nge7 5. Bg2 d5 6. d3 Ng6 7. 0-0 Be7 8. c3 0-0 9. Na3 a6 10. Nc2 dxe4 11. Qxe4 Qc7 12. d4 Rd8 13. dxc5 Bxc5 14. b4 Be7 15. Bb2 Bf6 16. Rac1 Nge5 17. Ncd4 Nxf3+ 18. Nxf3 Bd7 19. Rfd1 Be8 20. Nd4 Qb6 21. Nf3 Nxb4 22. Rxd8 Rxd8 23. cxb4 Bxb2 24. Rb1 Bf6 25. h4 h6 26. a3 Bc6 27. Qe2 Bb5 28. Qa2 Rd3 29. Kh2 Bc6 30. Ne1 Rd7 31. Nf3 Qb5 32. a4 Qf5 33. Ne1 Bxa4 34. Qxa4 Qxb1 35. Qxd7 Qxe1 36. Qc8+ Kh7 37. Qxb7 Qxf2 38. Qxf7 Qe2 39. h5 Be5 1/2-1/2

[Event "CRO-ch U17"]
[Site "Split"]
[Date "2021.07.30"]
[Round "8"]
[White "Koksa, Jelena"]
[Black "Karij, Petra"]
[Result "1-0"]
[WhiteElo "1773"]
[BlackElo "1310"]
[PlyCount "101"]
[EventDate "2021.07.25"]
[EventType "swiss"]
[EventRounds "9"]
[EventCountry "CRO"]
[SourceTitle "EXT 2022"]
[Source "ChessBase"]
[SourceDate "2021.10.06"]
[SourceVersion "1"]
[SourceVersionDate "2021.10.06"]
[SourceQuality "1"]

1. e4 c5 2. Nf3 a6 3. d4 cxd4 4. Nxd4 Nf6 5. Nc3 e5 6. Nb3 Bb4 7. Qd3 0-0 8. Bg5 Bxc3+ 9. bxc3 b5 10. f3 Nc6 11. Rd1 b4 12. cxb4 Nxb4 13. Qd2 Nc6 14. Bc4 Qb6 15. c3 Ne7 16. Be3 Qc7 17. Bc5 Re8 18. Qe2 Ng6 19. g3 Bb7 20. h4 h5 21. 0-0 Rac8 22. Bxa6 Re6 23. Bxb7 Qxb7 24. Bb4 Qa7+ 25. Kh1 Ra6 26. a3 Qa8 27. Nc5 Ra7 28. Rd6 Rc6 29. Rfd1 Nf8 30. Qe3 Rac7 31. Nb3 Qa4 32. Rxc6 Rxc6 33. Rb1 Ng6 34. Qd3 Qa8 35. Na5 Rc8 36. Qd6 Re8 37. Qd3 d5 38. exd5 Nxd5 39. Qe4 Nxb4 40. Qxa8 Rxa8 41. axb4 Ne7 42. c4 Nf5 43. Kg2 Ne3+ 44. Kf2 Nc2 45. Nc6 Ra2 46. Kg1 Ne3 47. Nxe5 Rg2+ 48. Kh1 Rxg3 49. b5 Rh3+ 50. Kg1 Rxh4 51. b6 1-0

[Event "CRO-ch U13 Girls"]
[Site "Trogir"]
[Date "2020.08.26"]
[Round "4"]
[White "Karij, Petra"]
[Black "Buchwald, Svea"]
[Result "1-0"]
[WhiteElo "1275"]
[BlackElo "1666"]
[PlyCount "99"]
[EventDate "2020.08.24"]
[EventType "tourn"]
[EventRounds "9"]
[EventCountry "CRO"]
[SourceTitle "CBM 198 Extra"]
[Source "ChessBase"]
[SourceDate "2020.11.30"]
[SourceVersion "1"]
[SourceVersionDate "2020.11.30"]
[SourceQuality "1"]

1. e4 e5 2. Nf3 Nc6 3. Bb5 Bc5 4. c3 d6 5. d4 exd4 6. cxd4 Bb4+ 7. Nc3 Bd7 8. 0-0 Nge7 9. Bg5 0-0 10. Nd5 f6 11. Bxf6 gxf6 12. Nxb4 Nxb4 13. Qb3+ Kh8 14. Qxb4 a5 15. Qa4 Bxb5 16. Qxb5 b6 17. e5 c6 18. Qe2 fxe5 19. dxe5 dxe5 20. Qxe5+ Kg8 21. Rad1 Qe8 22. Rfe1 Nd5 23. Qd6 Rd8 24. Qg3+ Qg6 25. Qxg6+ hxg6 26. Re6 Nf4 27. Rxd8 Rxd8 28. Re1 Rd5 29. g3 Nd3 30. Re6 Rf5 31. Nd4 Rxf2 32. Rxg6+ Kf7 33. Rxc6 Rxb2 34. Rc7+ Kf6 35. Rc6+ Ke5 36. Nf3+ Kd5 37. Rh6 Rb1+ 38. Kg2 Rb2+ 39. Kh3 Nf2+ 40. Kh4 Rb4+ 41. Kg5 Ke4 42. Ne1 Rb5+ 43. Kg6 Ng4 44. Rh4 Re5 45. Rxg4+ Kd5 46. Rg5 Rxg5+ 47. Kxg5 Kc4 48. h4 b5 49. h5 Kc3 50. h6 1-0

[Event "EU-ch U12 Girls"]
[Site "Bratislava"]
[Date "2019.08.08"]
[Round "7"]
[White "Veverkova, Dorota"]
[Black "Karij, Petra"]
[Result "0-1"]
[WhiteElo "1284"]
[BlackElo "1283"]
[PlyCount "68"]
[EventDate "2019.08.02"]
[EventType "swiss"]
[EventRounds "9"]
[EventCountry "SVK"]
[SourceTitle "EXT 2020"]
[Source "ChessBase"]
[SourceDate "2019.10.17"]
[SourceVersion "1"]
[SourceVersionDate "2019.10.17"]
[SourceQuality "1"]

1. e4 e5 2. Nf3 Nc6 3. d4 exd4 4. Bc4 Nf6 5. e5 d5 6. Bb5 Ne4 7. Nxd4 Bd7 8. Bxc6 bxc6 9. 0-0 Bc5 10. f3 Ng5 11. f4 Ne4 12. Be3 0-0 13. Nc3 Nxc3 14. bxc3 Bb6 15. Qf3 c5 16. Ne2 Bb5 17. Rad1 Bc4 18. f5 Qh4 19. Rf2 Bxe2 20. Qxe2 d4 21. Rf4 Qh6 22. cxd4 cxd4 23. Rfxd4 Qc6 24. Rg4 Bxe3+ 25. Qxe3 Qb6 26. Rdd4 Qb1+ 27. Kf2 Qxc2+ 28. Kg3 Qxf5 29. Qh6 Qxe5+ 30. Rdf4 g6 31. Rh4 Qe3+ 32. Kg4 f5+ 33. Rxf5 gxf5+ 34. Kh5 Qxh6+ 0-1

[Event "EU-ch U12 Girls"]
[Site "Bratislava"]
[Date "2019.08.07"]
[Round "6"]
[White "Karij, Petra"]
[Black "Grisin, Lia"]
[Result "1/2-1/2"]
[WhiteElo "1283"]
[BlackElo "1019"]
[PlyCount "103"]
[EventDate "2019.08.02"]
[EventType "swiss"]
[EventRounds "9"]
[EventCountry "SVK"]
[SourceTitle "EXT 2020"]
[Source "ChessBase"]
[SourceDate "2019.10.17"]
[SourceVersion "1"]
[SourceVersionDate "2019.10.17"]
[SourceQuality "1"]

1. f4 d5 2. Nf3 Nf6 3. e3 c5 4. Be2 Nc6 5. 0-0 Bf5 6. d3 e6 7. Bd2 Bd6 8. Nc3 a6 9. Qe1 0-0 10. Qh4 h6 11. Rae1 Be7 12. Qf2 b5 13. h3 Bg6 14. Bd1 b4 15. Ne2 a5 16. Ng3 Nh5 17. Nxh5 Bxh5 18. Kh1 Bxf3 19. Qxf3 g6 20. Re2 Kh7 21. e4 Nd4 22. Qe3 Nxe2 23. Bxe2 d4 24. Qf3 f5 25. Re1 Qd7 26. Qg3 Rg8 27. Bf3 Raf8 28. h4 Qd8 29. Qh3 Bxh4 30. Re2 h5 31. g3 Be7 32. Rh2 Rh8 33. g4 Kg7 34. gxh5 Rh6 35. Qg2 Rfh8 36. Be1 Kf7 37. exf5 gxf5 38. Qe2 Bf6 39. Bd2 Rg8 40. b3 Rg7 41. Rg2 Qg8 42. Rxg7+ Qxg7 43. Qg2 Qxg2+ 44. Kxg2 Bg7 45. Be1 e5 46. Bg3 Ke6 47. Kh3 Bf6 48. Kg2 Rh7 49. Kh3 Rg7 50. Bh2 Rh7 51. Bg3 Rg7 52. Bh2 1/2-1/2

[Event "CRO-ch U13 Girls"]
[Site "Trogir"]
[Date "2019.06.22"]
[Round "9"]
[White "Karij, Petra"]
[Black "Kolovrat, Lucija"]
[Result "1/2-1/2"]
[WhiteElo "1311"]
[BlackElo "1601"]
[PlyCount "111"]
[EventDate "2019.06.17"]
[EventType "swiss"]
[EventRounds "9"]
[EventCountry "CRO"]
[SourceTitle "EXT 2020"]
[Source "ChessBase"]
[SourceDate "2019.10.17"]
[SourceVersion "1"]
[SourceVersionDate "2019.10.17"]
[SourceQuality "1"]

1. e4 e5 2. Bc4 Nf6 3. d3 d5 4. exd5 Nxd5 5. Nf3 Nc6 6. 0-0 Be6 7. Bxd5 Qxd5 8. Nc3 Qd7 9. h3 Bd6 10. Be3 0-0 11. d4 exd4 12. Nxd4 Nxd4 13. Bxd4 Bxh3 14. Qh5 Bg4 15. Qg5 f6 16. Qd5+ Qe6 17. Qxe6+ Bxe6 18. Rfe1 Bf5 19. Re2 Rfe8 20. Rae1 Bg6 21. Nb5 a6 22. Nxd6 cxd6 23. c3 Rxe2 24. Rxe2 Re8 25. Be3 Bf7 26. a3 f5 27. Rd2 d5 28. Rd4 Re4 29. Rd2 h5 30. Kh2 f4 31. Bd4 g5 32. f3 Re6 33. Bc5 Rh6 34. Rd4 g4 35. Rxf4 gxf3 36. Rxf3 b5 37. Rh3 Re6 38. Rg3+ Rg6 39. Rxg6+ Bxg6 40. Kg3 Kf7 41. Kf4 Be4 42. g3 Kf6 43. Bd4+ Kg6 44. Bf2 a5 45. g4 hxg4 46. Kxg4 Kf6 47. Kf4 Ke6 48. Ke3 a4 49. Kd4 Kd6 50. Bg3+ Kc6 51. Be5 Kb6 52. Bf6 Kc6 53. Bd8 Kd6 54. Bb6 Kc6 55. Bc5 Bg2 56. Bf8 1/2-1/2

[Event "CRO-ch U13 Girls"]
[Site "Trogir"]
[Date "2019.06.21"]
[Round "8"]
[White "Begic, Klara"]
[Black "Karij, Petra"]
[Result "1-0"]
[WhiteElo "1600"]
[BlackElo "1311"]
[PlyCount "83"]
[EventDate "2019.06.17"]
[EventType "swiss"]
[EventRounds "9"]
[EventCountry "CRO"]
[SourceTitle "EXT 2020"]
[Source "ChessBase"]
[SourceDate "2019.10.17"]
[SourceVersion "1"]
[SourceVersionDate "2019.10.17"]
[SourceQuality "1"]

1. e4 Nf6 2. Nc3 e5 3. Nf3 Nc6 4. Bc4 Nxe4 5. Bxf7+ Kxf7 6. Nxe4 Be7 7. 0-0 Rf8 8. b3 Kg8 9. Bb2 d5 10. Ng3 Bg4 11. h3 Bxf3 12. gxf3 Qd7 13. Kh2 Rf6 14. Kg2 Rg6 15. d4 h5 16. Kh2 h4 17. Ne2 exd4 18. Bxd4 Bd6+ 19. f4 Re8 20. Be3 d4 21. Nxd4 Nxd4 22. Qxd4 Rf8 23. Qc4+ Kh8 24. Rg1 Rgf6 25. Rg4 Rh6 26. Rag1 Rg8 27. Bd4 Bf8 28. Rg6 Rh7 29. Bf6 b5 30. Qe4 Qf7 31. Qe5 Bd6 32. Qd4 Be7 33. Be5 c5 34. Qd7 Qe8 35. Qxe8 Rxe8 36. Rxg7 Rxg7 37. Rxg7 Rf8 38. Rxe7+ Kg8 39. Rg7+ Kh8 40. Rf7+ Kg8 41. Rxf8+ Kxf8 42. Bd6+ 1-0

[Event "CRO-ch U13 Girls"]
[Site "Trogir"]
[Date "2019.06.17"]
[Round "1"]
[White "Karij, Petra"]
[Black "Kolovrat, Monika"]
[Result "1-0"]
[WhiteElo "1311"]
[BlackElo "1748"]
[PlyCount "119"]
[EventDate "2019.06.17"]
[EventType "swiss"]
[EventRounds "9"]
[EventCountry "CRO"]
[SourceTitle "EXT 2020"]
[Source "ChessBase"]
[SourceDate "2019.10.17"]
[SourceVersion "1"]
[SourceVersionDate "2019.10.17"]
[SourceQuality "1"]

1. e4 e5 2. h3 Nf6 3. Nc3 Nc6 4. Nf3 Bc5 5. Nxe5 Bxf2+ 6. Kxf2 Nxe5 7. d4 Nc6 8. Bc4 0-0 9. Rf1 Re8 10. e5 d5 11. Bb3 Ne4+ 12. Nxe4 dxe4 13. Kg1 Rf8 14. Qh5 Qxd4+ 15. Kh1 g6 16. Qg5 Qxe5 17. Qh4 Be6 18. Bg5 Bxb3 19. axb3 h5 20. Bf6 Qd5 21. Qf4 Kh7 22. Rad1 Qe6 23. Qh4 Rae8 24. g4 e3 25. gxh5 Qe4+ 26. Qxe4 Rxe4 27. hxg6+ fxg6 28. Rd7+ Kh6 29. Bg7+ Kh5 30. Bxf8 e2 31. Rg1 g5 32. Re1 Nd4 33. Re7 Rf4 34. Kg2 Rxf8 35. c3 Nf5 36. R7xe2 Nh4+ 37. Kh1 Nf5 38. Rf2 Ng3+ 39. Kg2 Rxf2+ 40. Kxf2 Kh4 41. Kg2 Nf5 42. Re8 Kh5 43. Rc8 Ne3+ 44. Kf3 Nd1 45. Rxc7 Nxb2 46. Rxb7 a5 47. Ra7 Nd3 48. Rxa5 Kh4 49. c4 Nf4 50. Ra8 Ng6 51. Ra7 Kxh3 52. Rh7+ Nh4+ 53. Rxh4+ Kxh4 54. c5 Kh3 55. c6 g4+ 56. Ke4 g3 57. c7 g2 58. c8Q+ Kh2 59. Qh8+ Kg1 60. Qg7 1-0

[Event "Ohrid Lasker U20 op"]
[Site "Ohrid"]
[Date "2018.10.13"]
[Round "5"]
[White "Ramaj, Ergit"]
[Black "Karij, Petra"]
[Result "1/2-1/2"]
[WhiteElo "1199"]
[BlackElo "1337"]
[PlyCount "65"]
[EventDate "2018.10.11"]
[EventType "swiss"]
[EventRounds "7"]
[EventCountry "MKD"]
[SourceTitle "CBM 186 Extra"]
[Source "ChessBase"]
[SourceDate "2018.08.24"]
[SourceVersion "1"]
[SourceVersionDate "2018.08.24"]
[SourceQuality "1"]

1. e4 e5 2. Bc4 Nf6 3. Nc3 Nc6 4. d3 Be7 5. Nge2 0-0 6. h3 h6 7. Be3 d6 8. Qd2 Re8 9. 0-0-0 a6 10. a4 Be6 11. g4 b5 12. Bxe6 fxe6 13. g5 hxg5 14. Bxg5 Nh7 15. Bxe7 Qxe7 16. Rdg1 Qf6 17. Rg2 Re7 18. Rhg1 Kh8 19. Kb1 bxa4 20. Nxa4 Nd4 21. Nxd4 exd4 22. b3 Rf8 23. Nb2 Ref7 24. Rg4 Qxf2 25. Qxf2 Rxf2 26. Rxg7 Rf1+ 27. Ka2 Rxg1 28. Rxg1 Rf2 29. Kb1 Rh2 30. Rg3 Rh1+ 31. Ka2 Rh2 32. Kb1 Rh1+ 33. Ka2 1/2-1/2